Focus sur: Membrejonc - Tolkien - Statistiques

Statistiques générales
  • Ce quiz a été pris 8 fois
  • Le résultat moyen est 5 sur 10
Statistiques - réponses
Informations recherchées Réponses % Correct
Ages durant lequel elle vécut Premier/Deuxième/Troisième
100%
Espèce Ent
83%
Epoux Sylvebarbe
67%
Première mention Le Seigneur des Anneaux: Les Deux Tours
50%
Groupe de l'espèce Ent-Femme
33%
Contrées Forêts du Beleriand
33%
Profession Sylvicultrice/agricultrice
33%
Terres Brunes (Rhovanion)
33%
Autre traduction du nom Fimbrethil
17%
Autre nom Mincetige
17%
Aucun quiz correspondant
Distribution des résultats
% des personnes avec chaque résultat
Percentile par nombre de réponses
Votre historique - résultats
Vous n’avez pas pris ce quiz